Statistiques concernant Culture Générale - Série 406

Cliquez ici pour prendre le quiz!

Statistiques générales

  • Ce quiz a été pris 281 fois
  • Le résultat moyen est 8 sur 10

Statistiques - réponses

QuestionRéponse% Correct
Dans les "Petites Annonces d'Elie", Cyprien recherche une blonde à forte...Poitrine
96%
Quel pays est le premier producteur mondial de la tulipe ?Les Pays-Bas
93%
Quel acteur prénommé John a "La Fièvre du Samedi soir" dans un film sorti en 1977 ?John Travolta
90%
Quel synonyme anglais de "Jour-J" désigne le débarquement des alliés sur les plages normandes en 1944 ?D-Day
85%
Quel acteur est Patrick Chirac dans le fim "Camping" ?Franck Dubosc
80%
Quelle était la profession de Robert Doisneau ?Photographe
75%
Dans quel film, intitulé "Brillantine" au Québec, retrouve-t-on John Travolta et Olivia Newton-John ?Grease
74%
Quelle ville anglaise est opposée à Oxford dans l'une des plus célèbres courses d'aviron créée en 1829 ?Cambridge
71%
Comment se prénomme le fils d'Alain Delon interprète de Maurice dans le film "La Vérité si je mens" ?Anthony
55%
Dans quel film de Brian De Palma sorti en France en 1984, Al Pacino incarne-t-il le gangster Tony Montana ?Scarface
55%

Distribution des résultats

Percentile par nombre de réponses

% des personnes avec chaque résultat

Votre développement - résultats

Vous n’avez pas pris ce quiz